Books of the Bible: which one comes first - Statistics

General Stats
  • This quiz has been taken 38 times
  • The average score is 13 of 15
Answer Stats
Question Answer % Correct
Which book comes 1st? Acts
100%
Which book comes 1st? Exodus
100%
Which book comes 1st? 1 Samuel
90%
Which book comes 1st? 2 Kings
90%
Which book comes 1st? Ezra
90%
Which book comes 1st? Genesis
90%
Which book comes 1st? Gospel According to John
90%
Which book comes 1st? Job
90%
Which book comes 1st? Joel
80%
Which book comes 1st? Joshua
80%
Which book comes 1st? Lamentations
80%
Which book comes 1st? 1 Timothy
70%
Which book comes 1st? Judges
70%
Which book comes 1st? Ruth
70%
Which book comes 1st? Titus
70%
No matching quizzes found
Score Distribution
Percent of People with Each Score
Percentile by Number Answered
Your Score History
You have not taken this quiz